Top 100 U.S. Baby Names for Girls (1930s) Quiz Stats

 Plays Quiz not verified by Sporcle

Score 0/100 Timer 12:00
0 Plays Today
Rank Name % Correct
1Mary
97.1%
34Ann
94.7%
17Elizabeth
93.5%
91Anne
92.1%
90Jo
91.9%
32Anna
91.4%
39Catherine
90.8%
97Katherine
90.3%
8Margaret
90.1%
47Jane
87.6%
7Joan
86.8%
11Carol
85.8%
33Marie
85.8%
60Sarah
84.9%
10Helen
84.6%
99Laura
84.4%
36Rose
84.1%
2Betty
83.9%
5Patricia
83.9%
6Dorothy
81.9%
3Barbara
81.6%
14Ruth
80.5%
18Jean
80.1%
98Ellen
79.1%
22Alice
78%
9Nancy
77.9%
19Frances
77.8%
89Linda
77.2%
82Grace
77.1%
86Emma
76.8%
69Joann
76.3%
100Julia
75.8%
44Annie
75.5%
24Martha
75.3%
Rank Name % Correct
26Janet
74.1%
29Carolyn
73.6%
30Evelyn
73.2%
53Joanne
73.1%
72Kathleen
71.8%
41Louise
71.7%
13Doris
69.5%
77Theresa
69%
40Judith
68.3%
71Charlotte
68.2%
46Eleanor
67.2%
84Edith
67.1%
64Josephine
66.5%
23Donna
66.4%
49Irene
65.3%
57Lillian
65.1%
59Edna
64%
15Virginia
63.7%
55Florence
62.9%
52June
62.6%
42Janice
62.1%
4Shirley
61.9%
83Sharon
61.8%
48Sandra
61.7%
85Lucille
61.2%
16Marilyn
61%
79Clara
60.7%
80Ethel
60.6%
96Esther
60.3%
35Mildred
60.1%
45Ruby
58.3%
74Pauline
58.1%
31Gloria
57.7%
21Lois
56.7%
Rank Name % Correct
51Elaine
56.5%
70Sally
55.7%
50Wanda
55.5%
78Jacqueline
54.5%
12Joyce
53.6%
54Rita
53.1%
68Gladys
53%
88Marion
51.1%
43Marjorie
51.1%
66Bonnie
50.3%
27Phyllis
50.2%
28Norma
49.8%
37Peggy
49.7%
63Thelma
47.4%
25Dolores
47.3%
20Beverly
47%
75Wilma
46.6%
92Hazel
45.4%
87Bernice
45.1%
93Roberta
44.7%
38Geraldine
44.4%
94Carole
43.5%
62Lorraine
43.4%
73Audrey
42.5%
76Sylvia
42.2%
95Darlene
41.8%
67Arlene
38.3%
58Marlene
37%
56Delores
35.7%
61Patsy
33.8%
81Loretta
32.7%
65Juanita
30.9%

You're not logged in!

Compare scores with friends on all Sporcle quizzes.
OR
Log In

Show Comments

Extras

Top Quizzes Today


Score Distribution

Your Account Isn't Verified!

In order to create a playlist on Sporcle, you need to verify the email address you used during registration. Go to your Sporcle Settings to finish the process.

Report this User

Report this user for behavior that violates our Community Guidelines.

Details: